Rebeloviny

Bibliographic Details
Format: Journal
Language:Slovak
PhysicalDescription:zv. 30-42 cm
Published: Svätý Jur C4P 2010-2012
Subjects:

MARC

LEADER 00000cas a2200000 a 4500
001 vtls010200288
003 SK-MaSNL
005 20260228160338.0
008 101228d20102012xo kr|p 0 b0slo
040 |a SVKBB  |b slo  |c SVKBB  |d SVKPO  |d SNK  |e AACR2 
041 0 |a slo 
044 |a xo  |c SK 
072 7 |a 616  |x Patológia. Klinická medicína  |2 konspekt 
080 |a 616.8  |2 2001 
080 |a 050  |2 2001 
080 |a (051.062)  |2 2011 
245 0 0 |a Rebeloviny 
260 |a Svätý Jur  |b C4P  |c 2010-2012 
300 |a zv.  |c 30-42 cm 
310 |a Nepravidelne 
362 0 |a Roč. I, č. 1 (dec. 2010)-roč. III, č. 5 (mar. 2012) 
500 |a Evidenčné číslo: EV 4225/10 
500 |a V tiráži uvedená periodicita 4x ročne, ale vychádza nepravidelne 
500 |a Č. 5 (2012) má rozmer zv. 30 cm 
515 |a Má priebežné číslovanie 
650 0 7 |a choroby nervového systému  |2 SNKPH  |9 24860 
655 7 |a populárno-náučné časopisy  |2 SNKPH  |9 70770 
910 |a snk 
999 |c 2223  |d 4153 
952 |0 0  |1 0  |4 0  |7 0  |8 0  |a SNK  |b SNK  |d 2018-04-10  |i snk2018/8217  |l 0  |o snkČSB 6646/1/2010  |p 17A1324790  |r 2026-02-21 21:56:55  |t č. 1  |w 2026-02-21  |y PREZ 
952 |0 0  |1 0  |4 0  |7 0  |8 0  |a SNK  |b SNK  |d 2018-04-10  |i snk2018/8218  |l 0  |o snkČSB 6646/1/2010 D1  |p 17A1324791  |r 2026-02-21 21:56:55  |t č. 1  |w 2026-02-21  |y PREZ 
952 |0 0  |1 0  |4 0  |7 0  |8 0  |a SNK  |b SNK  |d 2018-04-10  |i snk2018/8219  |l 0  |o snkČSB 6646/2/2011  |p 17A1324792  |r 2026-02-21 21:56:55  |t č. 2-4  |w 2026-02-21  |y PREZ  |z Časopis má priebežné číslovanie 
952 |0 0  |1 0  |4 0  |7 0  |8 0  |a SNK  |b SNK  |d 2018-04-10  |i snk2018/8221  |l 0  |o snkČSB 6646/2/2011 D1  |p 17A1324793  |r 2026-02-21 21:56:55  |t č. 2-4  |w 2026-02-21  |y PREZ 
952 |0 0  |1 0  |4 0  |7 0  |8 0  |a SNK  |b SNK  |d 2018-04-10  |i snk2018/8222  |l 0  |o snkČSB 6646/3/2012  |p 17A1324794  |r 2026-02-21 21:56:55  |t č. 5  |w 2026-02-21  |y PREZ 
952 |0 0  |1 0  |4 0  |7 0  |8 0  |a SNK  |b SNK  |d 2018-04-10  |i snk2018/8223  |l 0  |o snkČSB 6646/3/2012 D1  |p 17A1324795  |r 2026-02-21 21:56:55  |t č. 5  |w 2026-02-21  |y PREZ